000 00637nam a22002057a 4500
003 OSt
005 20250818033246.0
008 250818b |||||||| |||| 00| 0 eng d
020 _a978-971-0445-16-5.
040 _aDWC-Main Lib.
_cOC
082 _aFil.
100 _aESPINA, LETICIA D.
245 _aModyul ng komunikasyon sa akademikong Filipino/
_cESPINA, LETICIA D.
260 _aManila :
_bMindshapers Co., Inc.,
_cc2007.
300 _aviii, 244 p. :
_bill. ;
_c25 cm.
650 _aFilipino language-Study and teaching.
700 _aPLASENCIA, NORLY R.
700 _aRAMOS, VICTORIA R.
942 _2ddc
_cBK - FIL
_hFil.
_n0
999 _c3996
_d3996